Provinces d'Arabie Saoudite - Carte Quiz - Statistiques

Statistiques générales
  • Ce quiz a été pris 48 fois
  • Le résultat moyen est 3 sur 13
Réponses sur la Carte
Les réponses sont colorées sur une échelle allant du rouge au vert en fonction du pourcentage des utilisateurs qui les ont devinées à leur premier essai. Vous pouvez retrouver ces pourcentages ci-dessous.
 
Statistiques - réponses
Province % Correct
Médine
89%
Riyad
89%
La Mecque
72%
Tabuk
22%
Najran
17%
Al Jawf
11%
Haïl
11%
Jizan
11%
Asir
6%
Ach-Charqiya
0%
Al Bahah
0%
Al-Hudud ach-Chamaliya
0%
Al Qasim
0%
Aucun quiz correspondant
Distribution des résultats
% des personnes avec chaque résultat
Percentile par nombre de réponses
Votre historique - résultats
Vous n’avez pas pris ce quiz